000 00625nam a2200181Ia 4500
005 20250508163316.0
008 008 250505s9999 xx 000 0 eng d
037 _aBooks to be hide in OPAC
040 _aFEDL
_beng
_cFEDL
041 _aeng
_2eng
084 _a370.954, IND/O
_qFEDL
245 0 _aEducational statistics. District-wise. 1981-82. Vol 7.West Bengal
245 0 _cPlanning, Monitoring and Statistics Division. Ministry of Human Resource development
260 _aNew Delhi, India
_bGovernment of India
_c1987
300 _a61p.
942 _cHB
_h370.954, IND/O
999 _c1382236
_d1382236